| 000 -LEADER |
| fixed length control field |
00409nam a22001577a 4500 |
| 008 - FIXED-LENGTH DATA ELEMENTS--GENERAL INFORMATION |
| fixed length control field |
250226b ||||| |||| 00| 0 eng d |
| 020 ## - INTERNATIONAL STANDARD BOOK NUMBER |
| International Standard Book Number |
0-7515-3614-8 |
| 041 0# - LANGUAGE CODE |
| Language code of text/sound track or separate title |
eng |
| 082 00 - DEWEY DECIMAL CLASSIFICATION NUMBER |
| Classification number |
813.6 |
| Item number |
A339 |
| 100 ## - MAIN ENTRY--PERSONAL NAME |
| 9 (RLIN) |
5663 |
| Personal name |
Albom, Mitch |
| 245 10 - TITLE STATEMENT |
| Title |
The five people you meet in heaven / |
| 260 ## - PUBLICATION, DISTRIBUTION, ETC. (IMPRINT) |
| Place of publication, distribution, etc |
London : |
| Name of publisher, distributor, etc |
Time warner, |
| Date of publication, distribution, etc |
2005. |
| 300 ## - PHYSICAL DESCRIPTION |
| Extent |
231p. |
| 650 #0 - SUBJECT ADDED ENTRY--TOPICAL TERM |
| Topical term or geographic name as entry element |
English fiction |
| 942 ## - ADDED ENTRY ELEMENTS (KOHA) |
| Item type |
Books |